Correspondencia comercial : cómo, cuándo y porqué /
Guardado en:
| Autor Principal: | |
|---|---|
| Formato: | Libro |
| Publicado: |
Buenos Aires :
Valletta,
1994
|
| Series: | Colección Síntesis práctica
|
| Materias: | |
| Etiquetas: |
Agregar Etiqueta
Sin Etiquetas, Sea el primero en etiquetar este registro!
|
| LEADER | 00707nam a22002055a 4500 | ||
|---|---|---|---|
| 001 | CEM.cems008974 | ||
| 005 | 20090918111005.0 | ||
| 008 | 130507s1994##################000#0#####d | ||
| 003 | CEMS | ||
| 020 | |a 9507430717 | ||
| 082 | 0 | 4 | |a 651.7 |
| 100 | 1 | |a Villegas, Juan José | |
| 245 | 1 | 0 | |a Correspondencia comercial : |b cómo, cuándo y porqué / |c Juan José Villegas |
| 260 | |a Buenos Aires : |b Valletta, |c 1994 | ||
| 300 | |a 111 p. | ||
| 490 | 0 | |a Colección Síntesis práctica | |
| 505 | 0 | |a El arte de la correspondencia -- Formula -- Modelos -- Abreviaturas y símbolos usuales | |
| 653 | |a Redacción comercial | ||
| 653 | |a Correspondencia comercial | ||
| 859 | |a CEMS |b BIB. CEMS - 11 de abril |h 651.7 |i V714 |p 18560.95 |t Ej.1 | ||
